The wealth of states : a comparative sociology of international economic and political change /

Bibliographic Details
Main Author: Hobson, John M.
Corporate Author: NetLibrary, Inc
Format: eBook
Language:English
Published: Cambridge ; New York : Cambridge University Press, 1997.
Series:Cambridge studies in international relations ; 52.
Subjects:
Online Access:Connect to the full text of this electronic book

MARC

Tag First Indicator Second Indicator Subfields
LEADER 00000cam a2200000La 4500
001 in00001740921
005 20220105122351.0
006 m u
007 cr cn-
008 010405s1997 enka sb 001 0 eng d
010 |z  96026315  
020 |a 0511002890 (electronic bk.) :  |c $69.95 
020 |z 0521581494 (hardcover) 
020 |z 0521588626 (pbk.) 
035 |a (OCoLC)ocm47009965 
035 |a 54536  |b (N$T) 
040 |a N$T  |c N$T  |d OCL  |d UtOrBLW 
049 |a IKMN 
050 1 4 |a HF1359  |b .H63 1997eb 
082 0 4 |a 337  |2 20 
100 1 |a Hobson, John M.  |0 http://id.loc.gov/authorities/names/n95011431 
245 1 4 |a The wealth of states :  |b a comparative sociology of international economic and political change /  |c John M. Hobson. 
264 1 |a Cambridge ;  |a New York :  |b Cambridge University Press,  |c 1997. 
300 |a xx, 338 pages :  |b illustrations ;  |c 23 cm. 
336 |a text  |b txt  |2 rdacontent 
337 |a computer  |b c  |2 rdamedia 
338 |a online resource  |b cr  |2 rdacarrier 
490 1 |a Cambridge studies in international relations ;  |v 52 
504 |a Includes bibliographical references (pages 299-323) and index. 
533 |a Electronic reproduction.  |b Boulder, Colo. :  |c NetLibrary,  |d 2001.  |n Available via World Wide Web.  |n Access may be limited to NetLibrary affiliated libraries.  |n This netLibrary eBook does not include the cover image that were part of the original hardcopy book. 
500 |a Electronic resource. 
650 0 |a International economic relations.  |0 http://id.loc.gov/authorities/subjects/sh85067395 
650 0 |a International trade  |x History  |y 19th century. 
650 0 |a Protectionism  |x History  |y 19th century. 
650 0 |a Economics  |x Sociological aspects.  |0 http://id.loc.gov/authorities/subjects/sh88001829 
655 7 |a Electronic books.  |2 local 
710 2 |a NetLibrary, Inc.  |0 http://id.loc.gov/authorities/names/no99080690 
776 0 |c Original  |w (DLC) 96026315  |w (OCoLC)34990066 
830 0 |a Cambridge studies in international relations ;  |v 52.  |0 http://id.loc.gov/authorities/names/n84736825 
856 4 1 |u https://proxy.library.tamu.edu/login?url=http://www.netLibrary.com/urlapi.asp?action=summary&v=1&bookid=54536  |z Connect to the full text of this electronic book  |t 0 
994 |a 92  |b IKM 
999 |a MARS 
999 f f |s e1b3d35c-2fe4-35c7-84ee-4268b924e168  |i 7afe6e05-54de-3c11-a39d-085a70e0e3ae  |t 0 
952 f f |a Texas A&M University  |b College Station  |c Electronic Resources  |d Available Online  |t 0  |e HF1359 .H63 1997eb  |h Library of Congress classification 
998 f f |a HF1359 .H63 1997eb  |t 0  |l Available Online